Far Eastern tick-borne spring-summer (spring) encephalitis (Record no. 38382)
[ view plain ]
| 000 -LEADER | |
|---|---|
| fixed length control field | 01074cam a22002651 4500 |
| 001 - CONTROL NUMBER | |
| control field | med47001728 |
| 003 - CONTROL NUMBER IDENTIFIER | |
| control field | DLC |
| 005 - DATE AND TIME OF LATEST TRANSACTION | |
| control field | 20260227111603.0 |
| 008 - FIXED-LENGTH DATA ELEMENTS--GENERAL INFORMATION | |
| fixed length control field | 810815s1946 xx af 000 0 eng |
| 010 ## - LIBRARY OF CONGRESS CONTROL NUMBER | |
| LC control number | med47001728 |
| 035 ## - SYSTEM CONTROL NUMBER | |
| System control number | (OCoLC)14732844 |
| 040 ## - CATALOGING SOURCE | |
| Original cataloging agency | DLC |
| Transcribing agency | DNLM |
| Modifying agency | OCoLC |
| -- | DLC |
| 042 ## - AUTHENTICATION CODE | |
| Authentication code | premarc |
| 050 00 - LIBRARY OF CONGRESS CALL NUMBER | |
| Classification number | R11 |
| Item number | .A76 vol. 3 |
| 060 0# - NATIONAL LIBRARY OF MEDICINE CALL NUMBER | |
| Classification number | WC 542 |
| Item number | Z69v 1946 |
| 100 1# - MAIN ENTRY--PERSONAL NAME | |
| Personal name | Zilʹber, L. A. |
| Fuller form of name | (Lev Aleksandrovich), |
| Dates associated with a name | 1894-1966. |
| 245 10 - TITLE STATEMENT | |
| Title | Far Eastern tick-borne spring-summer (spring) encephalitis |
| Statement of responsibility, etc. | [by] L. A. Silber and V. D. Soloviev ... |
| 260 ## - PUBLICATION, DISTRIBUTION, ETC. | |
| Place of publication, distribution, etc. | New York, |
| Name of publisher, distributor, etc. | American-Soviet medical society, |
| Date of publication, distribution, etc. | c1946. |
| 300 ## - PHYSICAL DESCRIPTION | |
| Extent | 80 p. |
| Other physical details | ill., plates. |
| 500 ## - GENERAL NOTE | |
| General note | Issued as Special supplement to the American review of Soviet medicine. |
| 500 ## - GENERAL NOTE | |
| General note | "Edited by Dr. Bernard D. Davis, Dr. Saul H. Fisher, and Dr. Jacob Heiman." - p. [2] |
| 500 ## - GENERAL NOTE | |
| General note | "Translated from original manuscript Vesenne-letni (vesenni) Kleshchevoi dalnevostochny entsefalit, 1944." - p. 74. |
| 504 ## - BIBLIOGRAPHY, ETC. NOTE | |
| Bibliography, etc. note | "References": p. 74-80. |
| 700 1# - ADDED ENTRY--PERSONAL NAME | |
| Personal name | Solovʹev, Valentin Dmitrievich, |
| Dates associated with a name | 1907- |
No items available.